| 000 | 00407nam a2200181Ia 4500 | ||
|---|---|---|---|
| 008 | 220531s9999 xx 000 0 und d | ||
| 041 | _aeng | ||
| 082 | _bSHA | ||
| 100 |
_aSharma, K,k, _948282 |
||
| 245 | _aTheory Of Linguistics | ||
| 250 | _a1ST | ||
| 260 |
_bB,K,Enclave _c2003 |
||
| 300 | _a245 | ||
| 542 | _d31-03-2006 | ||
| 650 |
_aEnglish _948283 |
||
| 906 | _d2005-2006 | ||
| 999 |
_c28268 _d28268 |
||